| 000 | 00407nam a2200157Ia 4500 | ||
|---|---|---|---|
| 008 | 200103s9999||||xx |||||||||||||| ||und|| | ||
| 020 | _a0901281395, | ||
| 040 | _aIMU-MPC | ||
| 082 | _aColumn-34 | ||
| 100 | _aStokoe, E. A. | ||
| 245 | 0 | _aReed's Naval Architecture for Marine Engineers, Vol. 4 | |
| 250 | _aVol. 4 | ||
| 260 |
_bThomas Reed Publications Ltd., London _c1977 |
||
| 300 | _a379 | ||
| 942 | _cBK | ||
| 999 |
_c7885 _d7885 |
||